| 000 | 01095cam a22003013a 4500 | ||
|---|---|---|---|
| 001 | 17703 | ||
| 003 | PGUSA | ||
| 005 | 20140828083358.0 | ||
| 008 | 060207s2006||||xxu|||||s|||||000 | eng d | ||
| 040 |
_aPGUSA _beng |
||
| 042 | _adc | ||
| 050 | 4 | _aPQ | |
| 100 | 1 |
_aMarguerite, Queen, consort of Henry II, King of Navarre, _d1492-1549 |
|
| 245 | 1 | 4 |
_aThe Tales Of The Heptameron, Vol. III. (of V.) _h[electronic resource] / _cQueen, consort of Henry II, King of Navarre Marguerite |
| 260 |
_bProject Gutenberg, _c2006 |
||
| 500 | _aPreceded by vol II PG#17702 and followed by vol IV PG#17704 | ||
| 506 | _aPublic domain in the USA. | ||
| 516 | _aElectronic text | ||
| 653 | _aLove stories, French -- Translations into English | ||
| 653 | _aTales -- France -- Translations into English | ||
| 700 | 1 |
_aDunker, Balthasar Anton, _d1746-1807 |
|
| 700 | 1 |
_aSaintsbury, George, _d1845-1933 |
|
| 700 | 1 |
_aLe Roux de Lincy, _d1806-1869 |
|
| 700 | 1 |
_aFreudenberger, Sigmund, _d1745-1801 |
|
| 830 | 0 |
_aProject Gutenberg _v17703 |
|
| 856 | 4 | 0 | _uhttp://www.gutenberg.org/ebooks/17703 |
| 942 | _cEB | ||
| 999 |
_c246958 _d246958 |
||